00377nam a2200145Ia 4500003000400000008004100004040001600045082001300061100001700074245005100091260004200142300001000184650001500194650002200209GCL140319s9999 xx 000 0 eng d aGCL / cGCL04a843bH D1 aHUGO, VICTOR10aLE DERNIER JOUR D'UN CONDAMNE / cHUGO, VICTOR a[S.N] : bLE LIVRE DE POCHE ، c1989 a284 P04aLITERATURE04aFRENCH LITERATURE